Manual Prt̀ico de Inventr̀ios e Partilhas

Detalles Bibliográficos
Autor principal: Pereira Junqueira, Gabriel Još
Otros Autores: Pereira de Carvalho, Lus̕ Batista
Formato: eBook
Lenguaje:portugués
Publicado: San Pablo: Editora Mundo Jurd̕ico, 2018
Materias:
Acceso en línea:Acceso restringido

MARC

LEADER 00000nam a22000007a 4500
005 20190910213546.0
007 cr|||| ||||
008 190910s2018 br |||||s|||| 00||0 por d
020 |a 978-85-8085-111-3 
035 |a 30219 
040 |a vLex 
090 |c 9449  |d 9449 
100 1 |a Pereira Junqueira, Gabriel Još 
245 1 0 |a Manual Prt̀ico de Inventr̀ios e Partilhas  |h [Recurso electrn̤ico] /  |c Gabriel Jos ̌Pereira Junqueira, Lus̕ Batista Pereira de Carvalho 
256 |a Servicio en ln̕ea 
260 |a San Pablo:  |b Editora Mundo Jurd̕ico,  |c 2018 
300 |a 1 recurso electrn̤ico 
500 |a Chegamos ̀14® ediȯ̂ da nossa obra intitulada Manual Prt̀ico de Inventr̀ios e Partilhas, trazendo nesta ediȯ̂ significativas atualizaė̳s movidas pela aprovaȯ̂ do novo CPC, que passou a vigorar a partir de 2016. 
506 1 |a Disponible solo en los productos indicados  |d vLex Global  |d vLex Global (Academic Edition, excluding Law Schools)  |d vLex Global (U.S. Academic Edition, Law Schools)  |d vLex Global (U.S. Academic Edition, excluding Law Schools)  |d vLex Global (Academic Edition, Law Schools) 
650 0 4 |a Derecho Civil  |z Brasil 
700 1 |a Pereira de Carvalho, Lus̕ Batista 
740 0 |a vLex Libros (Servicio en ln̕ea) 
856 4 0 |u http://vlex.com/source/manual-pratico-de-inventarios-e-partilhas-30219  |z Acceso restringido 
942 |c BOOK 
999 0 |a Civil Law